000
00329nam a22001457a 4500
008
221109b ||||| |||| 00| 0 eng d
020
_a
9780716769064
041
_a
eng
080
_2
SIXTH EDITION
_a
159.9
082
_a
159.9 COM
100
_a
25
101
_a
PSI
245
_a
ABNORMAL PSYCHOLOGY
_c
COMER R
942
_2
udc
_c
BK
999
_c
58832
_d
58832